000 00422nam a2200157Ia 4500
008 210210b1995 xxu||||| |||| 00| 0 eng d
020 _a0697127605
082 _a576 NESM
100 _aNESTER (Eugene W) and others.
245 _aMicrobiology: a human perspective.
260 _aLondon
_bWM C. Brown Publishers
_c1995
300 _axxviii, 812
650 _aMicrobiology
690 _aMicrobiolog
906 _a05522
999 _c102974
_d102974